|
|
|
|
| LEADER |
01887nam a22003377i 4500 |
| 001 |
28907 |
| 003 |
BD-DhAAL |
| 005 |
20220425145950.0 |
| 008 |
150222t20122008bg 000 1 ben |
| 999 |
|
|
|c 33772
|d 33772
|
| 020 |
|
|
|a 9847010501261
|
| 040 |
|
|
|a DLC
|b eng
|e rda
|c DLC
|d DLC
|d BD-DhAAL
|
| 041 |
|
|
|a ben
|
| 042 |
|
|
|a lcode
|
| 050 |
0 |
0 |
|a MLCSA 2014/00693 (P)
|a PK1730.23.U6
|
| 082 |
|
|
|a 891.44371
|
| 100 |
1 |
|
|a আহমেদ, হুমায়ূন
|d ১৯৪৮-২০১২,
|9 6691
|
| 245 |
1 |
0 |
|a মিসির আলি সমগ্র /
|c হুমায়ূন আহমেদ
|
| 246 |
|
|
|a Misir Ali Samogra
|
| 260 |
|
|
|a ঢাকা :
|b অনন্যা,
|c ২০১২ [ষষ্ঠ মুদ্রণ ২০১৮]
|
| 300 |
|
|
|a ১১৪৪ পৃষ্ঠা ;
|c ২২ সে. মি.
|
| 500 |
|
|
|a Novel.
|
| 541 |
|
|
|a AAL
|e 28907, 34983, 34813
|
| 546 |
|
|
|a In Bengali.
|
| 651 |
|
0 |
|a Bangladesh
|x Fiction
|9 6692
|
| 852 |
|
|
|a Savar Campus Library
|c General Stacks
|
| 942 |
|
|
|2 ddc
|c BK
|
| 952 |
|
|
|0 0
|1 0
|2 ddc
|4 0
|6 891_443710000000000_AHA
|7 0
|9 52742
|a BRACUL
|b BRACUL
|c GEN
|d 2015-02-22
|e BRAC Institute of Language (BIL)
|l 13
|m 65
|o 891.44371 AHA
|p 3010028907
|q 2026-05-21
|r 2026-03-04
|s 2026-03-04
|t 1
|w 2015-02-22
|y BK
|x Transferred from BIL to BRACUL on 06/06/22
|
| 952 |
|
|
|0 0
|1 0
|2 ddc
|4 0
|6 891_400000000000000_4371_AHA
|7 0
|9 58075
|a SCL
|b SCL
|c GEN
|d 2016-02-19
|g 480.00
|l 12
|m 27
|o 891.44371 AHA
|p 3020007867
|r 2019-11-29
|s 2019-11-19
|t 2
|w 2016-02-19
|y BK
|
| 952 |
|
|
|0 0
|1 0
|2 ddc
|4 0
|6 891_443710000000000_AHM
|7 0
|9 65660
|a SCL
|b SCL
|c GEN
|d 2019-07-17
|e Development Book Agency
|g 531.00
|l 32
|m 82
|o 891.44371 AHM
|p 3020034813
|r 2026-05-06
|s 2026-04-06
|t 3
|v 531.00
|w 2019-07-17
|y BK
|
| 952 |
|
|
|0 0
|1 0
|2 ddc
|4 0
|6 891_443710000000000_AHM
|7 0
|9 65834
|a BRACUL
|b BRACUL
|c GEN
|d 2019-07-24
|e Development Book Agency
|g 531.00
|l 13
|m 136
|o 891.44371 AHM
|p 3010034983
|q 2025-10-27
|r 2025-10-12
|s 2025-10-12
|t 4
|v 531.00
|w 2019-07-24
|y BK
|